000
00274nam a22001097a 4500
008
230704b xxu||||| |||| 00| 0 eng d
082
_a
341.37
_b
EAC
100
_c
EAC
245
_a
Protocol for Sustainable Development of Lake Victoria Basin
300
_a
39p
942
_2
ddc
_c
BK
999
_c
3671
_d
3671